00712nam a2200217 a 450000100060000000300090000600800410001502000180005604000280007404100080010224501370011025000110024726000520025830000110031049000130032165000250033465000240035965000370038365000370042070000370045726457CO-ViMGA141112s2004 ck r 000 u spa d a9789587145113 aCO-ViMGAbspacCO-ViMGA aSPA10aRepública del viento : bantología de poetas colombianos nacidos en los años sesenta / cselección y prólogo Jorge Cadavid a1a ed. aMedellín : bUniversidad de Antioquia, c2014 a206 p. aPoesía14aAUTORES COLOMBIANOS 14aDESDE LOS 15 AÑOS14aPOESIA COLOMBIANA - COLECCIONES 14aPOETAS COLOMBIANOS - BIOGRAFIAS 1 aCadavid, Jorge Hernando, 1962 -